Liberalism and cultural claims in Central and Eastern Europe: toward a pluralist balance
| Titel: | Liberalism and cultural claims in Central and Eastern Europe: toward a pluralist balance |
|---|---|
| Verfasser: | |
| Beteiligt: | |
| In: |
Nations and nationalism, Band 17, Heft 1 (2011), Seite 85-107 alle Artikel anzeigen |
| Veröffentlicht: | 2011 |
| Format: | Aufsatz |
| Sprache: | Englisch |
X
alg: 39262758 001A $01999:11-11-16 001B $01999:10-07-24 $t22:32:32.000 001C $06050:19-11-16 $t15:06:49.000 001D $01999:11-11-16 001U $0utf8 001X $00 002@ $0Oox 003@ $0392627582 007A $0392627582 $aHEB 007T $0Herdc0081472m 009Q $uhttp://onlinelibrary.wiley.com/doi/10.1111/j.1469-8129.2010.00473.x/full $xVolltext 010@ $aeng 011@ $a2011 021A $aLiberalism and cultural claims in Central and Eastern Europe: toward a pluralist balance 028A $aCsergő $dZsuzsa 028B/01 $aDeegan-Krause $dKevin 031A $d17 $e1 $h85-107 $j2011 039B $aIn $8--Obvc--. Nations and nationalism. - Oxford : Wiley-Blackwell, 1995-. - Online-Ressource. - ISSN 1469-8129. - DOI 10.1111/(ISSN)1469-8129 $x201100000170001915 $9084522844 045F $a909 $eDDC23BSB 045F/01 $a909 045F/03 $g437 lok: 39262758 78 exp: 39262758 78 1 #EPN 201B/01 $019-04-17 $t11:25:43.000 201U/01 $0utf8 203@/01 $0788726269 208@/01 $a11-11-16 $be 209A/01 $a/ $f000 $x00 220C/01 $aTitelaufnehmer: ds 220C/01 $aHerkunft: HI Marburg 220C/01 $aAnmerkung: *ng 244Z/01 $2Trx $#Kesk- ja Ida- Euroopa kontseptsioonid $#Vidurio Europos koncepcijos $#East-Central Europe $#Keletközépeurópa-eszmék $#Europa Środkowo-Wschodnia koncepcje $#Európa stredovýchodná koncepcie $#Evropa střední, východní část koncepce $#Mitteleuropa $#Osteuropakonzeptionen $#Europa Środkowa koncepcje $#Stredná Európa koncepcie $#Střední Europa koncepce $8--Trx--Ostmitteleuropakonzeptionen $x01 $9391364286 244Z/01 $aGeschichte 1989-2010 $x02 244Z/01 $2Trx $#kultuur, poliitiline $#politinė kultūra $#Culture, political $#kultúra, politikai $#kultura polityczna $#kultúra politická $#kultura politická $8--Trx--Kultur, politische $x03 $9391358995 244Z/01 $2Trx $#vähemused, rahvuslikud $#tautinės mažumos $#minorities, national $#kisebbségek, nemzeti $#mniejszości narodowe $#menšiny národnostné $#menšiny národnostní $#Minderheiten, sprachliche $#menšiny, jazykové $8--Trx--Minderheiten, nationale $x04 $9391373978 244Z/01 $2Trx $8--Trx--Zeitschriftenaufsatz $x05 $9391384341 244Z/01 $2Trx $8--Trx--elektronische Ressource $x06 $939138452X 245Z/01 $a07.04 $x01 247C/01 $82080>Marburg/Lahn, Herder-Institut, Forschungsbibliothek, Bibliographieportal $9336309341
| LEADER | 00000caa a22000002c 4500 | ||
|---|---|---|---|
| 001 | 392627582 | ||
| 003 | DE-603 | ||
| 005 | 20240710223232.0 | ||
| 007 | cr|||||||||||| | ||
| 008 | 161111s2011 xx |||| o| u00||u|eng c | ||
| 035 | |a (DE-599)HEB392627582 | ||
| 040 | |a DE-603 |b ger |c DE-603 |d DE-603 | ||
| 041 | |a eng | ||
| 082 | 0 | 4 | |8 1\u |a 909 |q DE-101 |2 23/BSB |
| 085 | |8 1\u |b 909 | ||
| 085 | |8 1\u |z 2 |s 437 | ||
| 100 | 1 | |a Csergő, Zsuzsa | |
| 245 | 0 | 0 | |a Liberalism and cultural claims in Central and Eastern Europe: toward a pluralist balance |
| 264 | 0 | |c 2011 | |
| 700 | 1 | |a Deegan-Krause, Kevin | |
| 773 | 0 | 8 | |i In |t Nations and nationalism |d Oxford : Wiley-Blackwell, 1995- |h Online-Ressource |o 10.1111/(ISSN)1469-8129 |x 1469-8129 |g Band 17, Heft 1 (2011), Seite 85-107 |w (DE-603)084522844 |w (DE-600)1500007-2 |
| 856 | |u http://onlinelibrary.wiley.com/doi/10.1111/j.1469-8129.2010.00473.x/full | ||
| 924 | 1 | |9 2080 |a (DE-603)788726269 |b DE-2080 |c HES |d d |g / | |


